000 00227 a2200097 4500
001 30469
100 _aMartin
245 _aThe logic and rhetoric of Exposition
260 _aNY
_bRinehart and Compnay
_c
090 _c20411
_d20411
942 _aNUST-CAE
_cM
_c11572
999 _c265542
_d265542